| 000 | 00434nam a2200145 i 4500 | ||
|---|---|---|---|
| 001 | 99664 | ||
| 003 | ES-MaACL | ||
| 007 | t| | ||
| 008 | 050914s1931 sp ||||1| spa d | ||
| 100 | 1 |
_aMartínez Alvarez de Sotomayor, José. _977851 |
|
| 245 | 1 | 0 |
_aEspaña en el Nuevo Mundo / _cJosé Martínez Alvarez de Sotomayor. |
| 260 |
_aMadrid : _b[s.n.], _c1931 ( _fTip. Yagües) |
||
| 300 |
_a318 p. ; _c20 cm. |
||
| 852 |
_aES-MaACL _jB-9044 |
||
| 999 |
_c99664 _d99664 |
||